[Event "Nanjing Pearl Spring 1st"]
[Site "Nanjing"]
[Date "2008.12.18"]
[Round "7"]
[White "Movsesian, Sergei"]
[Black "Svidler, Peter"]
[Result "0-1"]
[WhiteElo "2732"]
[BlackElo "2727"]
[Annotator "Kritz,L"]
[PlyCount "127"]
[EventDate "2008.12.11"]
[EventType "tourn"]
[EventRounds "10"]
[EventCountry "CHN"]
[EventCategory "21"]
[SourceTitle "CBM 128"]
[Source "ChessBase"]
[SourceDate "2009.01.28"]
[SourceVersion "1"]
[SourceVersionDate "2009.01.28"]
[SourceQuality "1"]

1. e4 c6 2. d4 d5 {Die Caro-Kann-Verteidigung sieht heutzutage wie eine
uneinnehmbare Festung aus. Zusammen mit der Russischen Partie sind das die
zwei Eröffnungen, die den Weißspielern die meisten Probleme stellen. Doch im
Vergleich zu Russisch erlaubt Caro-Kann eher auf einen Konter zu spielen.} 3.
e5 $1 {Das ist streng der einzige Weg, auf einen Eröffnungsvorteil zu spielen.
Die Hauptvarianten sind ausanalysiert und bringen Weiß nichts.} (3. Nc3 {
Die "klassische Hauptvariante".} dxe4 4. Nxe4 Bf5 5. Ng3 Bg6 6. h4 h6 7. Nf3
Nd7 8. h5 Bh7 9. Bd3 Bxd3 10. Qxd3 e6 11. Bf4 Qa5+ 12. Bd2 Bb4 13. c3 Be7 $11 {
Die Erfahrungen der letzten Jahre haben gezeigt, dass diese Stellung, die fast
forciert aufs Brett kommt, ausgeglichen ist.}) (3. exd5 cxd5 4. c4 {Der Panov
Angriff.} Nf6 5. Nc3 e6 6. Nf3 Bb4 {führt ebenfalls zu Stellungen mit gleichen
Chancen für beide Seiten.}) 3... Bf5 {Nun hat Weiß eine Menge an spielbaren
Varianten.} ({Eine Alternative ist} 3... c5 {, wonach Weiß zu einem kleinen
Vorteil kommen kann.} 4. dxc5 Nc6 5. Nf3 Bg4 (5... e6 6. Be3 Nge7 7. c3 Nf5 8.
Bd4 Bd7 9. Qd2 a5 10. Be2 a4 11. O-O Qa5 12. Bd3 Nfxd4 13. cxd4 Qxd2 14. Nbxd2
$14 {Socko - Dziuba (Lubniewice, 2005)}) 6. Bb5 Qa5+ 7. Nc3 e6 8. Be3 Nge7 9.
a3 a6 10. b4 Qc7 11. O-O Bxf3 (11... axb5 12. Nxb5 Qb8 13. Nd6+ Kd7 14. Nxf7
$16) 12. Qxf3 Qxe5 13. Bxc6+ Nxc6 14. Na4 $14 {Navara - Landa (Erfurt, 2008)})
4. Nf3 ({Zu scharfem, für Caro-Kann eher nicht typischen Spiel führt} 4. Nc3 e6
5. g4 Bg6 6. Nge2 c5 $132) (4. Be3 e6 5. Nd2 Nd7 {führt zu einer Stellung, die
ähnlich der Partiestellung ist.}) (4. Nd2 e6 5. Nb3 c5 $1 {Das Beste, um
sofort gleiches Spiel zu bekommen.} 6. dxc5 Bxc5 7. Nxc5 Qa5+ 8. c3 Qxc5 9. Nf3
Ne7 10. Qa4+ Nbc6 11. Be3 Qa5 12. Qxa5 Nxa5 13. Nd4 a6 14. Nxf5 Nxf5 15. Bf4
Ne7 16. O-O-O Rc8 $11 {Rublevsky - Erenburg (Beer Sheva, 2005). Der Vorteil
des Läuferpaares ist nicht spürbar, weil die Stellung geschlossen ist.}) (4. c4
e6 5. Nc3 Ne7 6. a3 dxc4 7. Bxc4 Nd7 $132 {Weiß hat das Feld d5 aufgegeben,
hat dafür jedoch einen Raumvorteil. Die Stellung ist gut spielbar für beide
Seiten.}) 4... e6 5. Be2 {In der heutigen Praxis ist das die Hauptvariante.} h6
(5... c5 $1 {Svidler,P (2727)-Topalov,V (2791) Nanjing Pearl Spring 2008 (9)
0-1 Meiner Meinung nach ist das die Fortsetzung, die zum Ausgleich führt.}) 6.
O-O Ne7 7. b3 {Weiß will c4 spielen, und dabei die Gelegenheit haben, auf c4
mit dem Bauern b3 zu nehmen, so dass das Feld d5 nicht aufgegeben wird.} (7.
Nbd2 {ist ein anderer möglicher Plan.} Nd7 8. Nb3 Bh7 $13 {führt zu unklaren
Stellungen mit komplexem, chancenreichem Spiel.}) 7... c5 $1 {Wohl die beste
Reaktion - man sollte Weiß nicht kostenlos zu c4 kommen lassen.} 8. Ba3 $6 $146
{Eine verdächtige Neuerung. Schon nach wenigen Zügen kommt Schwarz zu gutem
Spiel. Das übliche 8.c4 wäre gut gewesen.} (8. c4 $5 dxc4 9. Bxc4 (9. bxc4 Nbc6
10. dxc5 Qxd1 11. Rxd1 Ng6 12. Be3 Rc8 13. Nbd2 Ngxe5 14. Nxe5 Nxe5 15. Nb3 $11
{Baklan - Chandler (Port Erin, 2004)}) 9... cxd4 10. Nxd4 Nbc6 11. Bb5 (11.
Nxf5 Nxf5 12. Bb2 Qa5 13. Qe2 Nfd4 14. Qe4 Rd8 15. Rd1 Qxe5 16. Qxe5 Nf3+ 17.
gxf3 Rxd1+ 18. Kg2 Nxe5 19. Bxe5 Bc5 20. Bc3 Bd4 21. Bxd4 Rxd4 $11 {Glek -
Dreev (St Petersburg, 1998)}) 11... Rc8 12. Na3 Be4 13. Nc4 Ng6 14. Be3 $36 {
Parligras - Vilela (Barbera del Valles, 2005)}) 8... Nec6 9. dxc5 (9. Bxc5 {
gibt Schwarz Zeit, um sich zu entwickeln.} Bxc5 10. dxc5 O-O 11. c4 d4 12. Bd3
Bxd3 13. Qxd3 Nd7 $15) 9... Be7 $1 (9... Qa5 {führt überraschend zu einem
taktischen Labyrinth.} 10. c4 $3 Bxb1 11. Rxb1 Qxa3 12. cxd5 exd5 13. Qxd5 Qxc5
(13... Bxc5 14. e6 O-O 15. exf7+ Kh8 16. Bd3 $18) 14. Qe4 Nd7 15. Rfd1 $1 Qb4 (
15... O-O-O 16. Rbc1 Qb6 17. Nd4 $44) 16. Bc4 O-O-O 17. Qf5 $44 {Obwohl Weiß
nur einen Bauern für die Figur hat, ist seine Initiative ziemlich gefährlich.
Die weißen Felder im schwarzen Lager sind sehr geschwächt.}) 10. Nc3 $5 {
Weiß beabsichtigt, den Springer nach d6 zu stellen. Sicherlich eine
interessante Idee, doch Schwarz hat auch sein Spiel.} (10. c4 $5 d4 11. Bd3 (
11. b4 $4 d3 $19) 11... Bxd3 12. Qxd3 Na6 $132) 10... a6 {Man kann so spielen,
aber auch nach dem simplen 10...0-0 scheint die schwarze Stellung in Ordnung
zu sein.} (10... O-O 11. Nb5 Nd7 12. Nd6 Be4 $132) 11. Na4 Nd7 12. b4 $6 {
Eine übermütige Entscheidung.} (12. c4 $5 {führt zu Komplikationen, aber ich
denke, Weiß hätte es spielen können.} dxc4 (12... Ndxe5 13. Nxe5 Nxe5 14. Bb2
Bf6 15. Nb6 $16) 13. Nd4 (13. Bxc4 $2 b5 $1 $19) 13... Ndxe5 (13... Nxd4 14.
Qxd4 b5 (14... cxb3 15. axb3 $14) 15. c6 Nb8 (15... Bxa3 16. cxd7+ Qxd7 17.
Qxd7+ Kxd7 18. Nb6+ Ke7 19. Nxa8 Rxa8 20. bxc4 Bb2 21. cxb5 Bxa1 22. Rxa1 axb5
23. Bxb5 Ra3 24. Bc4 $16) 16. Bd6 Nxc6 17. Qc5 Na7 18. Nb6 Rb8 19. Nxc4 bxc4
20. Qxa7 Bxd6 21. exd6 O-O 22. Bxc4 Qxd6 23. Qxa6 $16) 14. Nxf5 exf5 15. Nb6
Rb8 16. Bxc4 $1 (16. Nxc4 Nxc4 17. Bxc4 O-O 18. Qf3 Ne5 19. Qxf5 Nxc4 20. bxc4
Qa5 $11) 16... Nxc4 17. Nxc4 O-O 18. Qh5 $14) (12. Nd4 Nxd4 (12... Bh7 13. Nxc6
bxc6 14. f4 $16) 13. Qxd4 b5 (13... Rc8 14. c4 dxc4 15. b4 Qc7 16. f4 O-O 17.
Rac1 $14) 14. Nb2 Bxc2 15. Rac1 Bh7 16. Bb4 O-O $132) 12... O-O {Jetzt stehen
die weißen Figuren am Damenflügel außerhalb des Spielgeschehens.} 13. Re1 Qc7
$1 (13... Ndxe5 {Das Aufgeben des Feldes b6 führt dazu, dass die weißen
Figuren sich aktiv stellen können.} 14. Nxe5 Nxe5 15. Nb6 Rb8 16. Bb2 (16. Bxa6
$2 bxa6 17. Rxe5 Bf6 $15) 16... Bf6 17. Rb1 a5 18. a3 $14) (13... a5 $5 14. b5
Ncxe5 15. Nxe5 Nxe5 16. Nb6 Rb8 $132 {Der Bauer c5 ist nun schwach, ich denke,
Schwarz hat mindestens gleiche Chancen.}) 14. h3 {Es ist offensichtlich, dass
bei Weiß etwas daneben gegangen war.} (14. c4 $6 {Eigentlich wäre c4 der weiße
Plan gewesen, doch jetzt ist es zu spät.} dxc4 15. Bxc4 Ndxe5 16. Nxe5 Nxe5 17.
Bf1 (17. Nb6 Nxc4 18. Nxc4 Rad8 $15) 17... a5 18. b5 Rfd8 19. Qb3 Nd3 $17)
14... Rfd8 {Schwarz kann auch sofort auf e5 schlagen, doch der Bauer läuft ihm
nicht davon.} 15. Qd2 Be4 $1 {Schwarz spielt die besten Züge!} (15... Ncxe5 16.
Nxe5 Nxe5 17. Nb6 Rab8 18. Bb2 Bf6 19. Rab1 $11) 16. Bb2 Bxf3 17. Bxf3 Ncxe5 (
17... a5 $5 18. a3 (18. b5 Ncxe5 19. Be2 Bxc5 $17) 18... axb4 19. axb4 Bg5 $1 {
Schwarz will gar nicht den e5-Bauern - der ist ja sowieso schwach. Sein wahres
Ziel ist der Bauer b4!} 20. Qc3 Ndxe5 21. b5 $1 {Die einzige Chance.} (21. Be2
d4 22. Qb3 Bd2 $1 23. Nb6 Rxa1 24. Rxa1 Bxb4 $17) 21... d4 22. Qa3 Nc4 23. Qb3
N6a5 24. Qa2 Bf6 $15) 18. Qf4 (18. Be2 $5 {Vielleicht wäre das die bessere
Wahl gewesen.} a5 19. Nb6 $1 axb4 (19... Nxb6 20. cxb6 Qb8 21. bxa5 $14) (19...
Rab8 20. Qf4 $1 $14) 20. Nxa8 Rxa8 21. Qxb4 Nxc5 $44) 18... Nxf3+ 19. Qxf3 Qc6
{Schwarz hat keine Schwierigkeiten.} 20. Qb3 (20. Nc3 $2 Bf6 $17) 20... b6 21.
Qg3 (21. cxb6 $2 Nxb6 22. Nxb6 Qxb6 23. a3 (23. c4 Qxb4 $19) 23... Rac8 $15 {
Die schwarze Überlegenheit ist offensichtlich - Weiß hat keinen Angriff am
Königsflügel, Schwarz dagegen bekommt ein großartiges Spiel nach Rc4-Rc8-a5.})
21... d4 $5 ({Nach} 21... f6 22. Nxb6 Nxb6 23. cxb6 Qxb6 (23... Bxb4 $2 24.
Bxf6 Rd7 25. Bd4 Bxe1 26. Rxe1 $44) 24. a3 e5 25. Qg6 $132 {bekommt Weiß ein
kleines Gegenspiel am Königsflügel. Die Stellung kommt damit fast ins
Gleichgewicht.}) (21... Bf8 $5 22. Nxb6 Nxb6 23. cxb6 Qxb6 24. Bf6 Rdc8 25. c3
a5 26. a3 $132) 22. Bxd4 (22. Nxb6 Nxb6 23. cxb6 Bxb4 $17) 22... Bf8 $1 (22...
g6 $2 23. cxb6 $3 (23. Nxb6 Nxb6 24. Qe5 Rxd4 25. Qxd4 Nd5 $17) 23... Qxa4 (
23... Bxb4 24. c3 Be7 25. Qc7 Qxa4 26. b7 Rab8 27. Ba7 $14) 24. Rxe6 Bg5 25.
Rd6 $1 $44) 23. Nxb6 Nxb6 24. Bf6 $1 {Ein hübscher taktischer Trick.} Nd5 25.
Bxd8 Rxd8 26. Rad1 ({Etwas genauer ist} 26. a3 $1 a5 27. c4 {und falls Schwarz
das gleiche Opfer durchführen will, aktivieren sich die weißen Türme} Nxb4 28.
axb4 axb4 29. Red1 Rc8 30. Ra7 $1 Bxc5 31. Rad7 $14) 26... Rc8 27. a3 a5 28. c4
(28. c3 Be7 29. Rd3 Bf6 30. c4 Nxb4 31. axb4 axb4 32. Qd6 Qxc5 33. Qxc5 Rxc5
34. Re4 Bc3 35. Rd8+ Kh7 36. Rb8 $11 {Das Endspiel ist höchstwahrscheinlich
remis.}) 28... Nxb4 $1 29. axb4 axb4 {Jetzt ist es eine andere Sache im
Vergleich zu 26.a3! - die weißen Türme bleiben passiv und die Stellung ist
ungefähr gleich.} 30. Rd3 Bxc5 31. Qh4 (31. Red1 $6 Be7 $1 {Der Bauer c4 ist
ganz schwach.} 32. Rc1 Bg5 33. Rc2 Qa4 $17) 31... Bb6 $1 {Man darf die Türme
auf keinem Fall tauschen lassen!} 32. Re4 $2 {Eine Aktivität, die dem Weißen
teuer zu stehen kommen wird.} (32. Rc1 Qc7 33. Qe4 Bc5 34. Rcd1 Bf8 $11 {
Beide Seiten können manövrieren, und bei richtigem Spiel ist die Stellung wohl
Remis, denn Schwarz behält den weißen Bauern auf c4 ständig im Visier.}) 32...
Ra8 $1 {Ein Konter, der gefährlich wird. Movsesian hätte sich zurückziehen
sollen.} 33. Rg4 $6 (33. Re1 Ra2 34. Rf3 Qc7 35. Qe4 Qa7 $15) 33... Qc5 34. Qf6
$2 {Der entscheidende Fehler.} (34. Rd1 Qf5 35. c5 Bxc5 36. Rf4 Qe5 (36... Qg5
37. Qxg5 hxg5 38. Rc4 $11) 37. Rd8+ Rxd8 38. Qxd8+ Kh7 39. Qd3+ f5 $15 {
Vielleicht kann man das Endspiel noch halten.}) 34... Qxf2+ $1 35. Qxf2 Ra1+
36. Kh2 Bxf2 $17 37. Rf4 (37. Rd8+ Kh7 38. Rf4 Bg1+ 39. Kg3 f5 40. Rf3 Kg6 $17)
37... Bb6 (37... Bg1+ {wäre noch effektiver gewesen.} 38. Kg3 f5 $1 $19 {
Schwarz kombiniert den Angriff auf den weißen König mit dem starken b-Bauern.})
38. Rd7 b3 39. Rb7 Bc5 (39... b2 $4 40. Rb8+ $1 (40. Rxb6 b1=Q 41. Rxb1 Rxb1
$19) 40... Kh7 41. Rxb6 b1=Q 42. Rxb1 Rxb1 43. Rxf7 $11) 40. Rfxf7 (40. Rxb3
Bd6 $19) 40... Bd4 $1 41. Rf3 (41. Rfd7 Be5+ 42. g3 b2 $19) 41... b2 42. Rfb3
Rc1 43. R7b4 (43. Rxb2 Bxb2 44. Rxb2 Rxc4 $17 {Das Endspiel ist wohl verloren.}
) 43... Be5+ 44. g3 Rc2+ 45. Kg1 Bd4+ 46. Kf1 e5 47. c5 {Weiß versucht, die
schwarzen Figuren mit dem Marsch seines Bauern abzulenken, doch der schwarze
König kommt rechtzeitig, um den Bauern aufzuhalten.} Kf7 $1 (47... Rxc5 48. Ke2
Rc2+ 49. Kd3 Rg2 50. Ke4 $15 {und Schwarz bekommt technische Schwierigkeiten,
weil der weiße König zu aktiv wurde.}) 48. c6 Ke6 49. Rb7 Kd6 (49... Rxc6 $5 {
Ich denke das gewann auch.}) 50. c7 (50. Rxg7 Rc1+ 51. Ke2 b1=Q 52. Rxb1 Rxb1
53. Rg6+ Kd5 54. Rxh6 Rc1 $19) 50... Kd7 (50... Rxc7 $2 51. Rxc7 Kxc7 52. Ke2
Kc6 53. Kd3 {und Schwarz muss noch arbeiten, um den Punkt zu holen.}) 51. Ke1
Kc8 52. Kd1 Rh2 53. g4 Rxh3 $1 $19 {Jetzt wird Schwarz nach dem Turmtausch
drei Bauern haben, das ist sicherlich ausreichend für den Sieg.} 54. Kc2 (54.
Rxh3 Kxb7 55. Kc2 Kxc7 $19) 54... Rxb3 55. Rxb3 Kxc7 56. Rf3 Kd6 57. Rf7 e4 58.
Rb7 e3 59. Kd3 Ke5 60. Rb4 g5 61. Ke2 Bc3 62. Rb7 Kd4 63. Rd7+ Kc4 64. Rd1 {
Schwarz spielt Bd2-Bc1 und die Partie ist vorbei.} 0-1

[Event "Bunratty Masters op 16th"]
[Site "Bunratty"]
[Date "2009.02.21"]
[Round "2"]
[White "Svidler, Peter"]
[Black "Baker, Chris W"]
[Result "1-0"]
[WhiteElo "2723"]
[BlackElo "2351"]
[PlyCount "63"]
[EventDate "2009.02.20"]
[EventType "swiss"]
[EventRounds "6"]
[EventCountry "IRL"]
[SourceTitle "CBM 128 Extra"]
[Source "ChessBase"]
[SourceDate "2009.03.05"]
[SourceVersion "2"]
[SourceVersionDate "2009.03.25"]
[SourceQuality "1"]

1. e4 c5 2. Nf3 d6 3. d4 cxd4 4. Nxd4 Nf6 5. Nc3 a6 6. h3 b5 7. g4 Bb7 8. Bg2
e6 9. O-O b4 10. Nd5 exd5 11. exd5 Be7 12. g5 Nfd7 13. Nc6 Qc7 14. Nxe7 Kxe7
15. Qd4 Ne5 16. f4 Qc4 17. Qe3 Nbd7 18. fxe5 Nxe5 19. Rf4 Qxc2 20. Bd2 Rac8 21.
Raf1 Rhf8 22. Bxb4 Kd7 23. Be4 Qc7 24. Bf5+ Kd8 25. Bxc8 Bxc8 26. Rc1 Qb8 27.
Ba5+ Ke7 28. Rb4 Qa8 29. Rc7+ Bd7 30. Rbb7 Rd8 31. Bb4 f6 32. Bxd6+ 1-0

[Event "EU-chT (Men) 17th"]
[Site "Novi Sad"]
[Date "2009.10.30"]
[Round "9"]
[White "Svidler, Peter"]
[Black "Shirov, Alexei"]
[Result "1/2-1/2"]
[WhiteElo "2741"]
[BlackElo "2730"]
[PlyCount "64"]
[EventDate "2009.10.22"]
[EventType "team-swiss"]
[EventRounds "9"]
[EventCountry "YUG"]
[SourceTitle "CBM 133"]
[Source "ChessBase"]
[SourceDate "2009.11.19"]
[SourceVersion "1"]
[SourceVersionDate "2009.11.19"]
[SourceQuality "1"]
[WhiteTeam "Russia"]
[BlackTeam "Spain"]
[WhiteTeamCountry "RUS"]
[BlackTeamCountry "ESP"]

1. e4 e5 2. Nf3 Nc6 3. Bb5 a6 4. Ba4 Nf6 5. O-O b5 6. Bb3 Bc5 7. c3 d6 8. a4
Rb8 9. d4 Bb6 10. Na3 Bg4 11. axb5 axb5 12. Nxb5 O-O 13. Re1 Bxf3 14. gxf3 Nh5
15. Kh1 exd4 16. Nxd4 Nxd4 17. cxd4 c5 18. Rg1 cxd4 19. Rg5 g6 20. f4 Kh8 21.
f5 Qe7 22. f3 Rbc8 23. Bd2 d3 24. Qf1 Bd4 25. Rb1 Bf6 26. Rg4 gxf5 27. exf5 Qe2
28. Qxe2 dxe2 29. Re4 Rb8 30. Ba2 Rxb2 31. Rxb2 Bxb2 32. Rxe2 Be5 1/2-1/2

[Event "World Cup"]
[Site "Khanty-Mansiysk"]
[Date "2009.11.24"]
[Round "2.1"]
[White "Nyback, Tomi"]
[Black "Svidler, Peter"]
[Result "1-0"]
[WhiteElo "2628"]
[BlackElo "2754"]
[Annotator "Krasenkow,M"]
[PlyCount "81"]
[EventDate "2009.11.21"]
[EventType "k.o."]
[EventRounds "7"]
[EventCountry "RUS"]
[SourceTitle "CBM 134"]
[Source "ChessBase"]
[SourceDate "2010.01.18"]
[SourceVersion "1"]
[SourceVersionDate "2010.01.18"]
[SourceQuality "1"]

1. d4 Nf6 2. c4 g6 3. Nc3 d5 4. cxd5 Nxd5 5. e4 Nxc3 6. bxc3 Bg7 7. Bg5 c5 8.
Rc1 O-O 9. Nf3 cxd4 10. cxd4 Bg4 11. d5 Nd7 12. Be2 Nf6 13. h3 Bd7 14. Bd3 {
About this line - see CBM 116, the opening survey and annotations to
Ponomariov - Svidler.} Qa5+ $146 {[%mdl 8] Svidler follows his own
recommendation but fails to equalize.} (14... h6 15. Bf4 e6 (15... Qa5+ $142
16. Qd2 {[%csl Rh6]} Qxd2+ 17. Kxd2 Rfc8 $14 {_|_}) 16. Bc7 Qe8 17. d6 (17. Bd6
$5 Nxe4 18. Bxe4 exd5 19. Qxd5 Rd8 20. O-O Bc6 21. Qc5 Rxd6 22. Qxd6 Qxe4 23.
Qa3 $14 {1-0 Kovaliov,A (2475)-Barrionuevo,P (2296)/Berazategui 2007/CBM 117
ext (67)}) 17... Bc6 18. Qe2 Nh5 19. g3 e5 20. O-O Qd7 21. Kh2 Bf6 22. Rc5 $1 (
22. Rfd1 Ng7 23. Bc4 Rac8 24. Bd5 Ne6 $14 {1/2 Ponomariov,R (2703)-Svidler,P 
(2750)/Moscow 2006/CBM 116/[Krasenkow] (30)}) 22... Ng7 23. Nxe5 Bxe5 24. Rxe5
Ne6 25. Rxe6 $1 Qxe6 26. e5 Rfe8 27. f4 Rac8 28. Bc4 Bd5 29. Bb5 Bc6 30. Bxc6
bxc6 31. Rb1 $16 {1/2 Van den Cruyce,E-Lehnen,P/LSS 2007/Telechess CBM 129 (41)
}) 15. Qd2 Qa4 16. Rc4 Qa3 17. O-O Rac8 18. Rfc1 Rxc4 19. Rxc4 Bb5 20. Rc3 Qa5
(20... Qa6 21. Bxb5 Qxb5 22. Rb3 $14) 21. Bxf6 (21. Bxb5 $2 Nxe4) 21... Bxf6
22. e5 Bg7 23. Bxb5 Qxb5 24. Rc7 $14 {[%csl Gc7,Gd5,Ge5]} Rd8 25. Rxe7 Bf8 26.
Rc7 Rxd5 27. Qf4 {[%mdl 128]} Rd1+ 28. Kh2 Rd7 29. Rc8 {[%cal Rf4h6]} Re7 30.
e6 $5 {Forcing the events. Objectively, this is probably not the best move but
it sets up very difficult problems for Black.} (30. h4 Re8) (30. Rd8 $5 {
keeping the pressure} Re8 $140 $6 31. a4 $1 Qc6 32. Ng5) 30... Rxe6 $2 (30...
Qf5 $3 31. Qd6 Qf6 $3 {was the only, quite a difficult defense. After the text
move White obtains a killing attack.}) 31. Ng5 Re7 32. Nxh7 $1 Kxh7 33. Rxf8
Kg7 34. Qh4 $3 {[%mdl 64] The point!} g5 $8 35. Qh8+ Kg6 36. f4 (36. Rg8+ $5
Kf5 37. Qh5 Qe5+ 38. g3 Qf6 39. Qf3+ $18) 36... Kf5 37. Rd8 (37. Qh6 $5 Ke4 $8
38. Qf6 Qd7 39. Qxg5 Qd6 40. Kg3 $1 Qd3+ 41. Kh4 $18) 37... f6 38. Rd6 Qb2 39.
Qh5 {[%cal Rh5g4]} (39. Qf8 $18) 39... Qe2 {This loses at once but after the
only defense} (39... Qb5 $1 {Black had no rescue anyway, e.g.} 40. Qh6 Qb2 (
40... Rf7 41. Rxf6+ $1 Rxf6 42. Qxg5+ $18) 41. Qf8 $18 {->}) 40. Rd5+ Kxf4 41.
Qg6 1-0

[Event "World Cup"]
[Site "Khanty-Mansiysk"]
[Date "2009.11.26"]
[Round "2.4"]
[White "Nyback, Tomi"]
[Black "Svidler, Peter"]
[Result "1/2-1/2"]
[WhiteElo "2628"]
[BlackElo "2754"]
[Annotator "Marin,M"]
[PlyCount "83"]
[EventDate "2009.11.21"]
[EventType "k.o."]
[EventRounds "7"]
[EventCountry "RUS"]
[SourceTitle "CBM 134"]
[Source "ChessBase"]
[SourceDate "2010.01.18"]
[SourceVersion "1"]
[SourceVersionDate "2010.01.18"]
[SourceQuality "1"]

1. d4 Nf6 2. c4 g6 3. Nc3 d5 4. cxd5 Nxd5 5. e4 Nxc3 6. bxc3 Bg7 7. Bg5 c5 8.
Rc1 O-O 9. Nf3 Bg4 {As in the previous game against the same opponent, Svidler
undermines the d4-square, which does not beneffit from the defence of the
dark-squared bishop any more. The only difference is that now he refrains from
the previous exchange on d4.} 10. d5 Qd6 $5 {A rare move. Black aims to keep
the position blocked. It should be mentioned that in the Gruenfeld Defence the
d6-square is frequently occupied by the queen.} ({The common continuation is} 
10... f5) 11. Be2 Nd7 12. h3 {By provoking the exchange on f3, White aims to
discourage ...f5 once and forever.} (12. c4 $5 {would have prevented the black
queenside expansion. White might have feared that Black could use the tempo
for opening the other wing with} f5 $5) 12... Bxf3 13. Bxf3 b5 $1 ({After the
previous exchange,} 13... f5 {would have left the e6-square weak.}) 14. c4 b4
15. O-O a5 $132 {The queen side majority is not less dangerous than the white
massive centre.} 16. Bg4 Bd4 17. Re1 e5 {They say that the queen is the worst
possible blocking piece. Well, in the Gruenfeld there seems to be an exception
to this rule...} 18. Bxd7 Qxd7 19. Be3 Bxe3 20. Rxe3 a4 $11 {The permanent
threat of creating a passed pawn with ...b3 does not offer White free hands
for a kingside attack.} 21. Rb1 Ra6 22. Qd3 Rb8 23. Re2 Qd6 24. g3 Rab6 25.
Reb2 Kg7 26. Kg2 R6b7 27. Qe3 f6 28. f4 Re7 29. f5 g5 30. h4 h6 31. Rh1 g4 32.
h5 Kh7 33. Qe2 Rg7 34. Rh4 Rbg8 35. Qd1 a3 36. Rd2 Kh8 37. Rd3 Kh7 38. Kf2 Kh8
39. Ke3 Kh7 40. Kd2 Kh8 41. Qa4 Rc8 42. Kc2 1/2-1/2